| 000 | 00571nam a22001457a 4500 | ||
|---|---|---|---|
| 008 | 141211b xxu||||| |||| 00| 0 eng d | ||
| 050 | _aSPC JQ2945.A55 1961 | ||
| 100 |
_aGreat Britain, Colonial Office _913406 |
||
| 245 |
_aThe Future of East Africa _ba summary of the report of the royal commission with an index to the report _cGreat Britain, Colonial Office |
||
| 260 |
_aLondon _bThe Africa Bureau _c1961 |
||
| 300 |
_a47p. ; _c22cm. |
||
| 650 |
_aHigh Commission _xEast Africa _913407 |
||
| 650 |
_aCommon Services Organization _xEast Africa _913408 |
||
| 942 |
_2lcc _cSPC |
||
| 999 |
_c121500 _d121500 |
||